000 00768nac a22002417a 4500
001 BR0000020
003 BR-BrBNA
005 20240105122329.0
008 230509b bl.|||m| |||| 00| 0 por d
040 _aBR-BrBNA
_bpor
_cBiblioteca Nacional de Agricultura
072 _aF01; C30
090 _a3359 BR0000020
110 1 _aCoordenacao Geral de Informacao Documental Agricola, Brasilia, DF (Brasil)
_92949
245 1 _aBibliografia Brasileira de Orquideas
260 3 _aBrasilia, DF (Brasil):
_c1996.
300 _a55 p.
490 _aBibliografias Agricolas Serie Nacional (Brazil)
_vno. 8
_x
650 _aOrquidea
650 _aFloricultura
650 _aServico de Informacao
909 _a202312
_bLúcia Elande
_c55
_dLúcia Elande
942 _2AGRIS
_n0
_cMS
999 _c290465
_d290465